An economic perspective on religion in INDIA (Record no. 533253)

000 -LEADER
fixed length control field 00602nam a22001457a 4500
008 - FIXED-LENGTH DATA ELEMENTS--GENERAL INFORMATION
fixed length control field 260505b ||||| |||| 00| 0 eng d
100 ## - MAIN ENTRY--PERSONAL NAME
Personal name Arshid, Mohd
245 ## - TITLE STATEMENT
Title An economic perspective on religion in INDIA
260 ## - PUBLICATION, DISTRIBUTION, ETC. (IMPRINT)
Place of publication, distribution, etc Economic & Political Weekly
300 ## - PHYSICAL DESCRIPTION
Extent 61(16), Apr 18, 2026: p.25-28
520 ## - SUMMARY, ETC.
Summary, etc The Economics of Religion in India by Sriya Iyer, Belknap Press, 2018; pp 295, `8,295.-Reproduced

https://www.epw.in/journal/2026/16/book-reviews/economic-perspective-religion-india.html
773 ## - HOST ITEM ENTRY
Main entry heading Economic & Political Weekly
906 ## - LOCAL DATA ELEMENT F, LDF (RLIN)
Subject DIP BOOK REVIEW
942 ## - ADDED ENTRY ELEMENTS (KOHA)
Item type Articles
Holdings
Withdrawn status Lost status Source of classification or shelving scheme Damaged status Not for loan Permanent location Current location Date acquired Serial Enumeration / chronology Barcode Date last seen Koha item type
          Indian Institute of Public Administration Indian Institute of Public Administration 2026-05-05 61(16), Apr 18, 2026: p.25-28 AR138765 2026-05-05 Articles

Powered by Koha